[Event "TUR Cup"]
[Site "Denizli"]
[Date "2024.07.31"]
[Round "3"]
[White "Simsek, Suat Can"]
[Black "Yardimci, Can"]
[Result "1/2-1/2"]
[WhiteElo "1857"]
[BlackElo "1930"]
[PlyCount "96"]
[EventDate "2024.07.30"]
[EventType "swiss"]
[EventRounds "11"]
[EventCountry "TUR"]
[SourceTitle "EXT 2025"]
[Source "ChessBase"]
[SourceDate "2024.10.14"]
[SourceVersion "1"]
[SourceVersionDate "2024.10.14"]
[SourceQuality "1"]

1. d4 Nf6 2. c4 g6 3. Nc3 Bg7 4. e4 d6 5. h3 e5 6. d5 Na6 7. Be3 0-0 8. Qd2 Nh5 9. g4 Nf4 10. Nge2 f5 11. gxf5 gxf5 12. Nxf4 exf4 13. Bxf4 fxe4 14. Rg1 Bf5 15. 0-0-0 Bg6 16. Bg5 Qd7 17. Bh6 Qf5 18. Bxg7 Kxg7 19. h4 Kh8 20. Be2 Qf4 21. h5 Qxd2+ 22. Rxd2 Bf5 23. Rdd1 Rae8 24. Rg3 Nc5 25. Rdg1 Re7 26. b4 Nd7 27. Nd1 Ne5 28. Ne3 h6 29. Kd2 Bh7 30. R1g2 Ref7 31. Ke1 a5 32. b5 Nd3+ 33. Bxd3 exd3 34. Nd1 Rf4 35. Rg4 R8f5 36. Rxf4 Rxf4 37. Ne3 Rh4 38. Rg4 Rxh5 39. c5 Re5 40. b6 cxb6 41. cxd6 Re8 42. Kd2 b5 43. Rh4 Kg7 44. Rg4+ Kf6 45. Rf4+ Kg7 46. Rg4+ Kh8 47. Rh4 Bg6 48. Rxh6+ Kg7 1/2-1/2